| 000 | 00593nam a2200169Ia 4500 | ||
|---|---|---|---|
| 008 | 210428s9999 xx 000 0 und d | ||
| 020 | _a1-56347-014-4 | ||
| 082 | _a660.04 A498 N | ||
| 100 |
_aLuigi De Luca _952156 |
||
| 245 | 0 |
_aNonsteady Burning and Combustion Stability of Solid Propellants / _cLuigi De Luca |
|
| 260 |
_bAmerican Institute of Aeronautics and Astronautics _aWashington, DC _c1992 |
||
| 300 | _a883p | ||
| 440 |
_aProgress in astronautics and aeronautics V-143 _9127173 |
||
| 700 |
_aEdward W. Price _9127174 |
||
| 700 |
_aMartin Summerfield _9127175 |
||
| 942 |
_cBK _2ddc |
||
| 999 |
_c559922 _d559922 |
||